000 00573nam a2200265Ia 4500
005 20260306163828.0
008 008 260114s9999 xx 000 0 eng d
020 _a9780262277563
037 _aEBOOK
040 _aCRL
040 _beng
040 _cCRL
041 _2eng
041 _aeng
084 _qCRL
100 _aKozel
_91126003
245 0 _aCloser
260 _bThe MIT Press
260 _c2013
650 _aSocial Work
856 _uhttps://academic.oup.com/book/29404
942 _cEBOOK
999 _c1711655
_d1711655